| 000 | 00832nam a22002537a 4500 | ||
|---|---|---|---|
| 999 |
_c9493 _d9493 |
||
| 003 | AR-CdUCM | ||
| 008 | 190328b ||||| |||| 00| 0 spa d | ||
| 040 |
_aMUNICIPALIDAD PROVINCIAL DEL CUSCO _cBIBLIOTECA MUNICIPAL DEL CUSCO |
||
| 041 | _hger | ||
| 082 |
_a616.123 / _bJ13 |
||
| 100 |
_aJacobi, J. _925722 |
||
| 245 |
_aCardiopatias Quirurgicas : _bIntroducción a la clínica, el diagnóstico y las posibilidades operatorias / |
||
| 260 |
_aMexico : _bAlhambra, _c1961. |
||
| 300 |
_a210 paginas ; _bilustraciones, graficos, retratos, _c24 cm. |
||
| 650 |
_aCardiopatias _925723 |
||
| 650 |
_aQuirurgicas _925724 |
||
| 650 |
_aMedicina general _921670 |
||
| 650 |
_aHistorica _96339 |
||
| 700 |
_aLoeweneck, M _925725 |
||
| 700 |
_aMaier, K. _925726 |
||
| 700 |
_aSamlert, H. _925727 |
||
| 942 |
_2ddc _cLIBROS |
||
| 945 | _apjha | ||